000 00820nam a2200229 i 4500
001 79042
003 ES-MaACL
005 20230906173904.0
007 t|
008 041019s1911 fr ||||1| fre d
100 1 _aHeise, F.
_962396
245 1 0 _aLecons sur l'exploitation des mines et én particulier sur l'exploitation des honilleres /
_cpar F. Heise et F. Herbst ; traduit de l'allemand par J.G. Bousquet ; avec la collaboratione de P. Bouzanquet, C. Dupont, E. Lecrivain.
260 _a[S.l. :
_bs.n.,
_c1911] (
_eEvreux :
_fCh. Herissey)
300 _a2 v. ;
_c25 cm.
650 0 4 _aMinería.
_915054
700 1 _aHerbst, F.
_962670
700 1 _aBousquet, J. G.
_931036
700 1 _aBouzanquet, P.
_931106
700 1 _aDupont, C.
_946102
700 1 _aLecrivain, E.
_971117
852 _aES-MaACL
_jF-1460-61
999 _c79042
_d79042